| 000 | 00000nam##2200000za#4500 |
| 001 | 9.624763 |
| 003 | CaOODSP |
| 005 | 20240212134142 |
| 007 | ta |
| 008 | 150406|1998||||xxc||||| f|0| 0 fre|d |
| 020 | |a0-662-83007-5 |
| 040 | |aCaOODSP|bfre |
| 043 | |an-cn--- |
| 086 | 1 |aNE22-1/1998-5F |
| 110 | 1 |aCanada. |bOffice national de l'énergie. |
| 245 | 10|aWestcoast Energy Inc. : |bdemande en date 5 mars 1998 |
| 260 | |aCalgary - Alberta : |bOffice national de l'énergie |cJuin 1998. |
| 300 | |a40p. : |btableaux ; |c28 cm. |
| 490 | 1 |aPrincipaux documents liés à la décision de l'Office concernant le Cadre de réglementation assoupli relativement à |
| 563 | |aCouverture souple |
| 590 | |a98-30|b1998-07-24 |
| 775 | 08|tWestcoast Energy Inc. : |w(CaOODSP)9.614420 |
| 776 | 0#|tPrincipaux documents liés à la décision de l'Office concernant le Cadre de réglementation assoupli relativement à Westcoast Energy Inc. : |w(CaOODSP)9.602891 |
| 830 | #0|aPrincipaux documents liés à la décision de l'Office concernant le Cadre de réglementation assoupli relativement à.|w(CaOODSP)9.513161 |
| 986 | |aRHW-1-98 |